Zaľudňovanie dlaní

Bibliographic Details
Main Author: Turčány, Viliam, 1928-2021 (Author)
Format: Article
Language:Slovak
Subjects:

MARC

LEADER 00000cab a2200000 4500
001 vtls011510784
003 SK-MaSNL
005 20260303221138.0
008 230302|1961 xo |||||||||||||||||slo|
015 |a SNBRB 
035 |a (urnnbn)urn:nbn:sk:snk:ar-0010x1 
035 |a (uuid)a4e21066-d9c2-416e-9fd9-bfdcd23a9fad 
035 |a urn:nbn:sk:snk-abe1jn 
040 |a SNKBUCL  |b slo  |c SNKBUCL  |e AACR2 
041 0 |a slo 
044 |a xo  |c SK 
080 |a 821.162.4-1  |2 2011 
100 1 |a Turčány, Viliam,  |d 1928-2021  |4 aut  |9 102025 
245 1 0 |a Zaľudňovanie dlaní  |c Viliam Turčány 
336 |a text  |b txt  |2 rdacontent 
337 |a bez média  |b n  |2 rdamedia 
338 |a zväzok  |b nc  |2 rdacarrier 
655 7 |a slovenská poézia  |2 SNKPH  |9 70444 
773 0 |t Slovenské pohľady  |g Roč. 77, č. 12 (1961), s. 28 
958 |a LX 
958 |a BX 
958 |a OND 
958 |a EUIPO 
958 |a article21 
999 |c 2231069  |d 2232999